000 00899nam a2200229Ii 4500
003 JO-AjNU
008 230605s9999||||xx |||||||||||||| ||und||
017 _a2007/2/413
020 _a9957-07-503-3
040 _aJO-AjNU
_bara
_erda
_cJO-AjNU
041 _aara
050 1 4 _aBF721.Z8758.2007
100 3 _aالزريقات،ابراهيم عبد الله فرج,
_eauthor
_923196
245 0 0 _aتعديل سلوك الأطفال والمراهقين :المفاهيم والتطبيقات=Behavior Modification of Children and Adolescents: Concepts and Applications
250 _aط1
264 3 1 _aعمان:دار الفكر ناشرون وموزعون ،2007
300 _a440ص
336 _atext
_btxt
_2rdacontent
337 _aunmediated
_bn
_2rdamedia
338 _avolume
_bnc
_2rdacarrier
650 4 _aسيكولوجية الطفولة-الاطفال-رعاية الطفولة
_923197
999 _aA8354
_c11922
_d11922